TOP 20 Best Darters right now - Statistics

General Stats
  • This quiz has been taken 9 times
  • The average score is 10 of 20
Answer Stats
Answer % Correct
1. ENG Luke Littler
100%
9. WAL Gerwyn Price
67%
3. NET Gian Van Veen
67%
5. WAL Jonny Clayton
67%
8. NIR Josh Rock
67%
2. ENG Luke Humphries
67%
4. NET Michael Van Gerwen
67%
19. AUS Damon Heta
50%
11. NET Danny Noppert
50%
10. SCO Gary Anderson
50%
6. ENG James Wade
50%
16. GER Martin Schindler
50%
18. BEL Mike De Decker
50%
20. ENG Rob Cross
50%
12. ENG Ryan Searle
50%
17. NET Jermaine Wattimena
33%
14. ENG Ross Smith
33%
7. ENG Stephen Bunting
33%
13. ENG Chris Dobey
17%
15. ENG Nathan Aspinall
17%
No matching quizzes found
Score Distribution
Percent of People with Each Score
Percentile by Number Answered
Your Score History
You have not taken this quiz